Delaware Superlatives - Statistics

General Stats
  • This quiz has been taken 16 times
  • The average score is 9 of 13
Answer Stats
Hint Answer % Correct
Largest City Wilmington
100%
Oldest continuously inhabited settlement Wilmington
100%
Busiest Airport Wilmington Airport
100%
Largest County (Population) New Castle
93%
Largest County (Area) Sussex
93%
Largest four-year college or university (by total enrollment) University of Delaware
93%
Longest River Delaware River
86%
All-Time Highest Recorded Temperature (°F) 110°F (Millsboro)
64%
First European settlement Lewes
50%
All-Time Lowest Recorded Temperature (°F) -34°F (Millsboro)
43%
Highest Point Ebright Azimuth
29%
Largest Island Fenwick Island
21%
Largest Lake or Pond Lums Pond
21%
No matching quizzes found
Score Distribution
Percent of People with Each Score
Percentile by Number Answered
Your Score History
You have not taken this quiz